General physiology and biophysics an international journal

Bibliographic Details
Format: Journal
Language:English
PhysicalDescription:zv. 24-28 cm
Online vydanie: General physiology and biophysics (Online) ISSN 1338-4325
Published: Bratislava Veda 1982-
Bratislava R&D Print
Bratislava AEPress
ISSN:0231-5882
Subjects:
Online Access:http://www.gpb.sav.sk

MARC

LEADER 00000cas a2200000 a 4500
001 vtls001477268
003 SK-MaSNL
005 20260228160251.0
008 040623c19829999xo qr p 0 0a0eng
022 |a 0231-5882 
035 |a SNK000432568 
035 |a (SVKBB03)vtls000037171 
040 |a SNK  |b slo  |c SNK  |d SVKBB  |d SAVUK  |e AACR2 
041 |a eng 
044 |a xo  |c SK 
072 7 |a 577  |x Biochémia. Molekulárna biológia. Biofyzika  |2 konspekt 
080 |a 612  |2 2001 
080 |a 577.3  |2 2011 
080 |a 577.1  |2 2011 
080 |a 575  |2 2011 
080 |a 050  |2 2001 
080 |a 001(051)  |2 2011 
084 |a Index 49 203  |2 mksr 
210 0 |a Gen. physiol. biophys.  |b (Tlačené vyd.) 
222 0 |a General physiology and biophysics  |b (Tlačené vydanie) 
245 0 0 |a General physiology and biophysics  |b an international journal 
260 |a Bratislava  |b Veda  |c 1982- 
260 2 |3 1992-2006  |a Bratislava  |b R&D Print 
260 3 |3 2007-  |a Bratislava  |b AEPress 
300 |a zv.  |c 24-28 cm 
310 |a 6x ročne  |b 2018- 
321 |a 6x ročne  |b 1982-1996 
321 |a 4x ročne  |b 1997-2017 
362 0 |a Vol. 1, no. 1 (Jan. 1982)- 
500 |a Od r. 2007 formát 28 cm 
500 |a Evidenčné číslo: EV 3668/09 
530 |a Online vydanie: General physiology and biophysics (Online) ISSN 1338-4325 
550 |a 1992- vydáva Slovak Academy of Sciences, Institute of Molecular Physiology and Genetics, Bratislava 
650 0 7 |a fyziológia  |2 SNKPH  |9 697 
650 0 7 |a biofyzika  |2 SNKPH  |9 2519 
650 0 7 |a biochémia  |2 SNKPH  |9 696 
650 0 7 |a genetika  |2 SNKPH  |9 698 
650 0 7 |a Physiology  |2 SNKPHeng  |9 266273 
650 0 7 |a Biophysics  |2 SNKPHeng  |9 266274 
650 0 7 |a Biochemistry  |2 SNKPHeng  |9 266275 
650 0 7 |a Genetics  |2 SNKPHeng  |9 266276 
655 7 |a vedecké časopisy  |2 SNKPH  |9 70520 
655 7 |a Scientific journals  |2 SNKPHeng  |9 265227 
710 2 |a Slovenská akadémia vied.  |b Centrum biovied.  |b Ústav molekulárnej fyziológie a genetiky  |4 pbl  |9 169378 
856 4 1 |u http://www.gpb.sav.sk 
910 |a snk 
910 |a savuk 
916 |a 1982-2015, 2016, 2017, 2018, 2019, 2020, 2021 
999 |c 2009  |d 3939 
952 |t č. 1-3  |a SNK  |b SNK  |y PREZ  |7 0  |p 17A1434116  |o snkČSC 2768/39/2020/1  |i snk2021/5592  |8 0  |f 1  |0 0  |1 0  |4 0  |d 2021-05-25  |l 0  |r 2026-02-21 19:29:13  |w 2026-02-21 
952 |t č. 4-6  |a SNK  |b SNK  |y PREZ  |7 0  |p 17A1434117  |o snkČSC 2768/39/2020/2  |i snk2021/5593  |8 0  |f 1  |0 0  |1 0  |4 0  |d 2021-05-25  |l 0  |r 2026-02-21 19:29:13  |w 2026-02-21 
952 |t č. 1-3  |a SNK  |b SNK  |y PREZ  |7 0  |p 17A1465904  |o snkČSC 2768/40/2021/1 D1  |i snk2023/6758  |8 0  |0 0  |1 0  |4 0  |d 2023-04-26  |l 0  |r 2026-02-21 19:29:44  |w 2026-02-21 
952 |t č. 4-6, neúplné  |a SNK  |b SNK  |y PREZ  |7 0  |p 17A1465905  |o snkČSC 2768/40/2021/2 D1  |i snk2023/6759  |8 0  |z Chýba č. 5  |0 0  |1 0  |4 0  |d 2023-04-26  |l 0  |r 2026-02-21 19:29:44  |w 2026-02-21 
952 |t č. 1-4  |a SNK  |b SNK  |y PREZ  |7 0  |p 17A1085826  |o snkČSC 2768/25/2006 D1  |i snk2013/22684  |8 0  |0 0  |1 0  |4 0  |d 2013-09-25  |l 0  |r 2026-02-21 19:31:16  |w 2026-02-21 
952 |t č. 1-4  |a SNK  |b SNK  |y PREZ  |7 0  |p 17A1085830  |o snkČSC 2768/27/2008 D1  |i snk2013/22688  |8 0  |0 0  |1 0  |4 0  |d 2013-09-25  |l 0  |r 2026-02-21 19:31:16  |w 2026-02-21 
952 |t č. 1-4  |a SNK  |b SNK  |y PREZ  |7 0  |p 17A1085831  |o snkČSC 2768/28/2009  |i snk2013/22689  |8 0  |f 1  |0 0  |1 0  |4 0  |d 2013-09-25  |l 0  |r 2026-02-21 19:31:16  |w 2026-02-21 
952 |t č. 1-4  |a SNK  |b SNK  |y PREZ  |7 0  |p 17A1085832  |o snkČSC 2768/28/2009 D1  |i snk2013/22690  |8 0  |0 0  |1 0  |4 0  |d 2013-09-25  |l 0  |r 2026-02-21 19:31:16  |w 2026-02-21 
952 |t č. 1-6  |a SNK  |b SNK  |y PREZ  |7 0  |p 17A1085874  |o snkČSC 2768/5/1986  |i snkČSP 2451/87  |f 1  |0 0  |1 0  |4 0  |d 2013-09-27  |l 0  |r 2026-02-21 19:32:37  |w 2026-02-21 
952 |t č. 1-6  |a SNK  |b SNK  |y PREZ  |7 0  |p 17A1085877  |o snkČSC 2768/6/1987  |i snkČSP 4401/88  |f 1  |0 0  |1 0  |4 0  |d 2013-09-27  |l 0  |r 2026-02-21 19:32:37  |w 2026-02-21 
952 |t č. 1-6  |a SNK  |b SNK  |y PREZ  |7 0  |p 17A1085875  |o snkČSC 2768/1/1982  |i snkČSP 270/83  |f 1  |0 0  |1 0  |4 0  |d 2013-09-27  |l 0  |r 2026-02-21 19:32:38  |w 2026-02-21 
952 |t č. 1-4  |a SNK  |b SNK  |y PREZ  |7 0  |p 17A1085837  |o snkČSC 2768/31/2012  |i snk2013/22695  |8 0  |f 1  |0 0  |1 0  |4 0  |d 2013-09-25  |l 0  |r 2026-02-21 19:42:15  |w 2026-02-21 
952 |t č. 1-4  |a SNK  |b SNK  |y PREZ  |7 0  |p 17A1085833  |o snkČSC 2768/29/2010  |i snk2013/22691  |8 0  |f 1  |0 0  |1 0  |4 0  |d 2013-09-25  |l 0  |r 2026-02-21 19:42:15  |w 2026-02-21 
952 |t č. 1-4  |a SNK  |b SNK  |y PREZ  |7 0  |p 17A1085834  |o snkČSC 2768/29/2010 D1  |i snk2013/22692  |8 0  |0 0  |1 0  |4 0  |d 2013-09-25  |l 0  |r 2026-02-21 19:42:15  |w 2026-02-21 
952 |t č. 1-4  |a SNK  |b SNK  |y PREZ  |7 0  |p 17A1085835  |o snkČSC 2768/30/2011  |i snk2013/22693  |8 0  |f 1  |0 0  |1 0  |4 0  |d 2013-09-25  |l 0  |r 2026-02-21 19:42:15  |w 2026-02-21 
952 |t č. 1-4  |a SNK  |b SNK  |y PREZ  |7 0  |p 17A1085836  |o snkČSC 2768/30/2011 D1  |i snk2013/22694  |8 0  |0 0  |1 0  |4 0  |d 2013-09-25  |l 0  |r 2026-02-21 19:42:15  |w 2026-02-21 
952 |t č. 1-4  |a SNK  |b SNK  |y PREZ  |7 0  |p 17A1085827  |o snkČSC 2768/26/2007  |i snk2013/22685  |8 0  |f 1  |0 0  |1 0  |4 0  |d 2013-09-25  |l 0  |r 2026-02-21 19:42:24  |w 2026-02-21 
952 |t č. 1-6  |a SNK  |b SNK  |y PREZ  |7 0  |p 17A0504036  |o snkČSC 2768/13/1994  |i snkČSP 1266/96  |f 1  |3 rekatalogizácia  |0 0  |1 0  |4 0  |d 2006-04-07  |l 0  |r 2026-02-21 19:58:24  |w 2026-02-21 
952 |t č. 1-3  |a SNK  |b SNK  |y PREZ  |7 0  |p 17A1462830  |o snkČSC 2768/37/2018/1 D1  |i snk2022/8779  |8 0  |0 0  |1 0  |4 0  |d 2022-05-31  |l 0  |r 2026-02-21 20:00:39  |w 2026-02-21 
952 |t č. 4-6  |a SNK  |b SNK  |y PREZ  |7 0  |p 17A1462831  |o snkČSC 2768/37/2018/2 D1  |i snk2022/8780  |8 0  |0 0  |1 0  |4 0  |d 2022-05-31  |l 0  |r 2026-02-21 20:00:39  |w 2026-02-21 
952 |t č. 1-3, neúplné  |a SNK  |b SNK  |y PREZ  |7 0  |p 17A1462832  |o snkČSC 2768/38/2019/1 D1  |i snk2022/8781  |8 0  |z Chýba č. 1  |0 0  |1 0  |4 0  |d 2022-05-31  |l 0  |r 2026-02-21 20:00:39  |w 2026-02-21 
952 |t č. 4-6  |a SNK  |b SNK  |y PREZ  |7 0  |p 17A1462833  |o snkČSC 2768/38/2019/2 D1  |i snk2022/8782  |8 0  |0 0  |1 0  |4 0  |d 2022-05-31  |l 0  |r 2026-02-21 20:00:39  |w 2026-02-21 
952 |t č. 1-3  |a SNK  |b SNK  |y PREZ  |7 0  |p 17A1462834  |o snkČSC 2768/39/2020/1 D1  |i snk2022/8784  |8 0  |0 0  |1 0  |4 0  |d 2022-05-31  |l 0  |r 2026-02-21 20:00:39  |w 2026-02-21 
952 |t č. 4-6  |a SNK  |b SNK  |y PREZ  |7 0  |p 17A1462835  |o snkČSC 2768/39/2020/2 D1  |i snk2022/8787  |8 0  |0 0  |1 0  |4 0  |d 2022-05-31  |l 0  |r 2026-02-21 20:01:00  |w 2026-02-21 
952 |t č. 1-3  |a SNK  |b SNK  |y PREZ  |7 0  |p 17A1463470  |o snkČSC 2768/40/2021/1  |i snk2022/10485  |8 0  |f 1  |0 0  |1 0  |4 0  |d 2022-06-24  |l 0  |r 2026-02-21 20:01:12  |w 2026-02-21 
952 |t č. 4-6  |a SNK  |b SNK  |y PREZ  |7 0  |p 17A1463471  |o snkČSC 2768/40/2021/2  |i snk2022/10486  |8 0  |f 1  |0 0  |1 0  |4 0  |d 2022-06-24  |l 0  |r 2026-02-21 20:01:12  |w 2026-02-21 
952 |t č. 1-3  |a SNK  |b SNK  |c SNK_KF  |y PREZ  |7 4  |p 17A1559041  |o snkČSC 2768/42/2023/1  |i snk2026/2332  |8 0  |0 0  |1 0  |4 0  |d 2026-02-13  |l 0  |r 2026-02-21 20:04:17  |w 2026-02-21 
952 |t č. 4-6  |a SNK  |b SNK  |c SNK_KF  |y PREZ  |7 4  |p 17A1559042  |o snkČSC 2768/42/2023/2  |i snk2026/2336  |8 0  |0 0  |1 0  |4 0  |d 2026-02-13  |l 0  |r 2026-02-21 20:04:17  |w 2026-02-21 
952 |t č. 1-3  |a SNK  |b SNK  |c SNK_KF  |y PREZ  |7 4  |p 17A1559043  |o snkČSC 2768/43/2024/1  |i snk2026/2337  |8 0  |0 0  |1 0  |4 0  |d 2026-02-13  |l 0  |r 2026-02-21 20:04:17  |w 2026-02-21 
952 |t č. 4-6, neúplné  |a SNK  |b SNK  |c SNK_KF  |y PREZ  |7 4  |p 17A1559044  |o snkČSC 2768/43/2024/2  |i snk2026/2339  |8 0  |z Chýba č. 5  |0 0  |1 0  |4 0  |d 2026-02-13  |l 0  |r 2026-02-21 20:04:17  |w 2026-02-21 
952 |t č. 1-3  |a SNK  |b SNK  |c SNK_KF  |y PREZ  |7 4  |p 17A1559045  |o snkČSC 2768/44/2025/1  |i snk2026/2345  |8 0  |0 0  |1 0  |4 0  |d 2026-02-13  |l 0  |r 2026-02-21 20:04:17  |w 2026-02-21 
952 |t č. 4-6  |a SNK  |b SNK  |c SNK_KF  |y PREZ  |7 4  |p 17A1559046  |o snkČSC 2768/44/2025/2  |i snk2026/2346  |8 0  |0 0  |1 0  |4 0  |d 2026-02-13  |l 0  |r 2026-02-21 20:04:17  |w 2026-02-21 
952 |t č. 1-6, neúplné  |a SNK  |b SNK  |c SNK_KF  |y PREZ  |7 4  |p 17A1559039  |o snkČSC 2768/41/2022  |i snk2026/2323  |8 0  |z Chýba č. 5-6  |0 0  |1 0  |4 0  |d 2026-02-13  |l 0  |r 2026-02-21 20:04:18  |w 2026-02-21 
952 |t č. 1-6, neúplné  |a SNK  |b SNK  |c SNK_KF  |y PREZ  |7 4  |p 17A1559040  |o snkČSC 2768/41/2022 D1  |i snk2026/2326  |8 0  |z Chýba č. 5-6  |0 0  |1 0  |4 0  |d 2026-02-13  |l 0  |r 2026-02-21 20:04:18  |w 2026-02-21 
952 |t č. 1-4   |a SNK  |b SNK  |y PREZ  |7 0  |p 17A0556806  |o snkČSC 2768/22/2003 D1  |i snk2007/22397  |8 0  |0 0  |1 0  |4 0  |d 2007-10-18  |l 0  |r 2026-02-21 20:16:05  |w 2026-02-21 
952 |t č. 1-6  |a SNK  |b SNK  |y PREZ  |7 0  |p 17A0709144  |o snkČSC 2768/12/1993  |i snkČSP 1260/96  |f 1  |0 0  |1 0  |4 0  |d 2011-09-09  |l 0  |r 2026-02-21 20:16:53  |w 2026-02-21 
952 |t č. 1-4  |a SNK  |b SNK  |y PREZ  |7 0  |p 17A0709159  |o snkČSC 2768/16/1997  |i snkČSP 1625/2002  |f 1  |0 0  |1 0  |4 0  |d 2011-09-09  |l 0  |r 2026-02-21 20:16:53  |w 2026-02-21 
952 |t č. 1-6  |a SNK  |b SNK  |y PREZ  |7 0  |p 17A0579576  |o snkČSC 2768/18/1999 D1  |i snkČSP 1600/2001  |z č. 1-4, úplný  |3 rekatalogizácia  |0 0  |1 0  |4 0  |d 2008-02-26  |l 0  |r 2026-02-21 20:21:49  |w 2026-02-21 
952 |t č. 1-4  |a SNK  |b SNK  |y PREZ  |7 0  |p 17A0556807  |o snkČSC 2768/23/2004  |i snk2007/22398  |8 0  |f 1  |0 0  |1 0  |4 0  |d 2007-10-18  |l 0  |r 2026-02-21 20:29:06  |w 2026-02-21 
952 |t č. 1-6  |a SNK  |b SNK  |y PREZ  |7 0  |p 17A1085876  |o snkČSC 2768/2/1983  |i snkČSP 256/1984  |f 1  |0 0  |1 0  |4 0  |d 2013-09-27  |l 0  |r 2026-02-21 20:31:27  |w 2026-02-21 
952 |t č. 1-6  |a SNK  |b SNK  |y PREZ  |7 0  |p 17A1085878  |o snkČSC 2768/7/1988  |i snkČSP 1571/89  |f 1  |0 0  |1 0  |4 0  |d 2013-09-27  |l 0  |r 2026-02-21 20:31:27  |w 2026-02-21 
952 |t č. 1-6  |a SNK  |b SNK  |y PREZ  |7 0  |p 17A1085879  |o snkČSC 2768/8/1989  |i snkČSP 5735/90  |f 1  |0 0  |1 0  |4 0  |d 2013-09-27  |l 0  |r 2026-02-21 20:31:27  |w 2026-02-21 
952 |t č. 1-4  |a SNK  |b SNK  |y PREZ  |7 0  |p 17A0870708  |o snkČSC 2768/31/2012 D1  |i snk2014/26140  |8 0  |0 0  |1 0  |4 0  |d 2014-11-26  |l 0  |r 2026-02-21 20:33:14  |w 2026-02-21 
952 |t č. 1-6  |a SNK  |b SNK  |y PREZ  |7 0  |p 17A1085880  |o snkČSC 2768/10/1991  |i snkČSP 4109/92  |f 1  |0 0  |1 0  |4 0  |d 2013-09-27  |l 0  |r 2026-02-21 20:41:30  |w 2026-02-21 
952 |t č. 1-6  |a SNK  |b SNK  |y PREZ  |7 0  |p 17A0110635  |o snkČSC 2768/9/1990  |i snkČSP 4454/91  |f 1  |0 0  |1 0  |4 0  |d 1997-11-25  |l 0  |r 2005-01-02 00:00:00  |w 2026-02-21 
952 |t č. 1-6  |a SNK  |b SNK  |y PREZ  |7 0  |p 17A0388448  |o snkČSC 2768/1/1982 D1  |i snkČSP 271/83  |z č. 1-6  |0 0  |1 0  |4 0  |d 2003-07-02  |l 0  |r 2005-01-02 00:00:00  |w 2026-02-21 
952 |t č. 1-6  |a SNK  |b SNK  |y PREZ  |7 0  |p 17A0388447  |o snkČSC 2768/2/1983 D1  |i snkČSP 257/84  |z č.1-6  |0 0  |1 0  |4 0  |d 2003-07-02  |l 0  |r 2005-01-02 00:00:00  |w 2026-02-21 
952 |t č. 1-6  |a SNK  |b SNK  |y PREZ  |7 0  |p 17A0388446  |o snkČSC 2768/3/1984 D1  |i snkČSP 1746/84  |z č.1-6  |0 0  |1 0  |4 0  |d 2003-07-02  |l 0  |r 2005-01-02 00:00:00  |w 2026-02-21 
952 |t č. 1-6  |a SNK  |b SNK  |y PREZ  |7 0  |p 17A0388450  |o snkČSC 2768/4/1985 D1  |i snkČSP 290/86  |z č. 1-6  |0 0  |1 0  |4 0  |d 2003-07-02  |l 0  |r 2005-01-02 00:00:00  |w 2026-02-21 
952 |t č. 1-6  |a SNK  |b SNK  |y PREZ  |7 0  |p 17A0388449  |o snkČSC 2768/5/1986 D1  |i snkČSP 2452/87  |z č. 1-6  |0 0  |1 0  |4 0  |d 2003-07-02  |l 0  |r 2005-01-02 00:00:00  |w 2026-02-21 
952 |t č. 1-6  |a SNK  |b SNK  |y PREZ  |7 0  |p 17A0388451  |o snkČSC 2768/6/1987 D1  |i snkČSP 4402/88  |z č. 1-6  |0 0  |1 0  |4 0  |d 2003-07-02  |l 0  |r 2005-01-02 00:00:00  |w 2026-02-21 
952 |t č. 1-6  |a SNK  |b SNK  |y PREZ  |7 0  |p 17A0388454  |o snkČSC 2768/7/1988 D1  |i snkČSP 1572/89  |z č. 1-6  |0 0  |1 0  |4 0  |d 2003-07-02  |l 0  |r 2005-01-02 00:00:00  |w 2026-02-21 
952 |t č. 1-6  |a SNK  |b SNK  |y PREZ  |7 0  |p 17A0388452  |o snkČSC 2768/8/1989 D1  |i snkČSP 5736/90  |z č. 1-6  |0 0  |1 0  |4 0  |d 2003-07-02  |l 0  |r 2005-01-02 00:00:00  |w 2026-02-21 
952 |t č. 1-6  |a SNK  |b SNK  |y PREZ  |7 0  |p 17A0388251  |o snkČSC 2768/9/1990 D1  |i snkČSP 4455/91  |3 rekatalogizácia  |0 0  |1 0  |4 0  |d 2003-07-02  |l 0  |r 2005-01-02 00:00:00  |w 2026-02-21 
952 |t č. 1-6  |a SNK  |b SNK  |y PREZ  |7 0  |p 17A1085882  |o snkČSC 2768/14/1995  |i snkČSP 1268/96  |f 1  |0 0  |1 0  |4 0  |d 2013-09-27  |l 0  |r 2026-02-21 21:14:12  |w 2026-02-21 
952 |t č. 1-4  |a SNK  |b SNK  |y PREZ  |7 0  |p 17A0556803  |o snkČSC 2768/21/2002  |i snk2007/22394  |8 0  |f 1  |0 0  |1 0  |4 0  |d 2007-10-18  |l 0  |r 2026-02-21 21:22:41  |w 2026-02-21 
952 |t č. 1-4   |a SNK  |b SNK  |y PREZ  |7 0  |p 17A0556804  |o snkČSC 2768/21/2002 D1  |i snk2007/22395  |8 0  |0 0  |1 0  |4 0  |d 2007-10-18  |l 0  |r 2026-02-21 21:22:41  |w 2026-02-21 
952 |t č. 1-4   |a SNK  |b SNK  |y PREZ  |7 0  |p 17A0556805  |o snkČSC 2768/22/2003  |i snk2007/22396  |8 0  |f 1  |0 0  |1 0  |4 0  |d 2007-10-18  |l 0  |r 2026-02-21 21:22:43  |w 2026-02-21 
952 |t č. 1-4  |a SNK  |b SNK  |y PREZ  |7 0  |p 17A0556808  |o snkČSC 2768/23/2004 D1  |i snk2007/22399  |8 0  |0 0  |1 0  |4 0  |d 2007-10-18  |l 0  |r 2026-02-21 21:22:43  |w 2026-02-21 
952 |t č. 1-4   |a SNK  |b SNK  |y PREZ  |7 0  |p 17A0556809  |o snkČSC 2768/24/2005  |i snk2007/22400  |8 0  |f 1  |0 0  |1 0  |4 0  |d 2007-10-18  |l 0  |r 2026-02-21 21:22:43  |w 2026-02-21 
952 |t č. 1-4   |a SNK  |b SNK  |y PREZ  |7 0  |p 17A0556810  |o snkČSC 2768/24/2005 D1  |i snk2007/22401  |8 0  |0 0  |1 0  |4 0  |d 2007-10-18  |l 0  |r 2026-02-21 21:22:43  |w 2026-02-21 
952 |t č. 1-6, neúplné  |a SNK  |b SNK  |y PREZ  |7 0  |p 17A1085881  |o snkČSC 2768/11/1992  |i snkČSP 1258/96  |z Chýba č. 5, 6  |f 1  |0 0  |1 0  |4 0  |d 2013-09-27  |l 0  |r 2026-02-21 21:24:01  |w 2026-02-21 
952 |t č. 1-6  |a SNK  |b SNK  |y PREZ  |7 0  |p 17A1085883  |o snkČSC 2768/15/1996  |i snkČSP 450/98  |f 1  |0 0  |1 0  |4 0  |d 2013-09-27  |l 0  |r 2026-02-21 21:24:35  |w 2026-02-21 
952 |t č. 1-4 + Suppl.  |a SNK  |b SNK  |y PREZ  |7 0  |p 17A1085884  |o snkČSC 2768/17/1998  |i snkČSP 1597/2001  |f 1  |0 0  |1 0  |4 0  |d 2013-09-27  |l 0  |r 2026-02-21 21:24:37  |w 2026-02-21 
952 |t č. 1-4 + Suppl.  |a SNK  |b SNK  |y PREZ  |7 0  |p 17A1085885  |o snkČSC 2768/18/1999  |i snkČSP 1599/2001  |f 1  |0 0  |1 0  |4 0  |d 2013-09-27  |l 0  |r 2026-02-21 21:24:37  |w 2026-02-21 
952 |t č. 1-4  |a SNK  |b SNK  |y PREZ  |7 0  |p 17A1085886  |o snkČSC 2768/19/2000   |i snkČSP 1623/2002  |f 1  |0 0  |1 0  |4 0  |d 2013-09-27  |l 0  |r 2026-02-21 21:24:37  |w 2026-02-21 
952 |t č. 1-4  |a SNK  |b SNK  |y PREZ  |7 0  |p 17A1085825  |o snkČSC 2768/25/2006  |i snk2013/22683  |8 0  |f 1  |0 0  |1 0  |4 0  |d 2013-09-25  |l 0  |r 2026-02-21 21:31:28  |w 2026-02-21 
952 |t č. 1-4  |a SNK  |b SNK  |y PREZ  |7 0  |p 17A1085828  |o snkČSC 2768/26/2007 D1  |i snk2013/22686  |8 0  |0 0  |1 0  |4 0  |d 2013-09-25  |l 0  |r 2026-02-21 21:31:28  |w 2026-02-21 
952 |t č. 1-4  |a SNK  |b SNK  |y PREZ  |7 0  |p 17A1085829  |o snkČSC 2768/27/2008  |i snk2013/22687  |8 0  |f 1  |0 0  |1 0  |4 0  |d 2013-09-25  |l 0  |r 2026-02-21 21:31:28  |w 2026-02-21 
952 |t č. 1-6  |a SNK  |b SNK  |y PREZ  |7 0  |p 17A1085872  |o snkČSC 2768/3/1984  |i snkČSP 1745/84  |f 1  |0 0  |1 0  |4 0  |d 2013-09-27  |l 0  |r 2026-02-21 21:31:38  |w 2026-02-21 
952 |t č. 1-4  |a SNK  |b SNK  |y PREZ  |7 0  |p 17A1144112  |o snkČSC 2768/32/2013  |i snk2015/15747  |8 0  |f 1  |0 0  |1 0  |4 0  |d 2015-05-15  |l 0  |r 2026-02-21 21:34:22  |w 2026-02-21 
952 |t č. 1-4  |a SNK  |b SNK  |y PREZ  |7 0  |p 17A1144111  |o snkČSC 2768/33/2014  |i snk2015/15751  |8 0  |f 1  |0 0  |1 0  |4 0  |d 2015-05-15  |l 0  |r 2026-02-21 21:34:22  |w 2026-02-21 
952 |t č. 1-4  |a SNK  |b SNK  |y PREZ  |7 0  |p 17A1144110  |o snkČSC 2768/32/2013 D1  |i snk2015/15755  |8 0  |0 0  |1 0  |4 0  |d 2015-05-15  |l 0  |r 2026-02-21 21:34:22  |w 2026-02-21 
952 |t č. 1-4  |a SNK  |b SNK  |y PREZ  |7 0  |p 17A0648071  |o snkČSC 2768/19/2000 D1  |i snkČSP 1624/2002  |0 0  |1 0  |4 0  |d 2010-03-18  |l 0  |r 2026-02-21 21:42:05  |w 2026-02-21 
952 |t č. 1-4  |a SNK  |b SNK  |y PREZ  |7 0  |p 17A0648292  |o snkČSC 2768/20/2001  |i snkČSP 1621/2002  |f 1  |0 0  |1 0  |4 0  |d 2010-03-18  |l 0  |r 2026-02-21 21:42:05  |w 2026-02-21 
952 |t č. 1-6  |a SNK  |b SNK  |y PREZ  |7 0  |p 17A1085873  |o snkČSC 2768/4/1985  |i snkČSP 289/86  |f 1  |0 0  |1 0  |4 0  |d 2013-09-27  |l 0  |r 2026-02-21 21:42:41  |w 2026-02-21 
952 |t č. 1-6  |a SNK  |b SNK  |y PREZ  |7 0  |p 17A1382848  |o snkČSC 2768/37/2018  |i snk2019/22963  |8 0  |f 1  |0 0  |1 0  |4 0  |d 2019-09-16  |l 0  |r 2026-02-21 21:52:17  |w 2026-02-21 
952 |t č. 1-4  |a SNK  |b SNK  |y PREZ  |7 0  |p 17A1098139  |o snkČSC 2768/33/2014 D1  |i snk2016/2708  |8 0  |0 0  |1 0  |4 0  |d 2016-02-03  |l 0  |r 2026-02-21 21:53:57  |w 2026-02-21 
952 |t č. 1-4  |a SNK  |b SNK  |y PREZ  |7 0  |p 17A1098140  |o snkČSC 2768/34/2015  |i snk2016/2710  |8 0  |f 1  |0 0  |1 0  |4 0  |d 2016-02-03  |l 0  |r 2026-02-21 21:53:57  |w 2026-02-21 
952 |t č. 1-4  |a SNK  |b SNK  |y PREZ  |7 0  |p 17A1207560  |o snkČSC 2768/35/2016  |i snk2017/13610  |8 0  |f 1  |0 0  |1 0  |4 0  |d 2017-06-09  |l 0  |r 2026-02-21 22:18:02  |w 2026-02-21 
952 |t č. 1-4  |a SNK  |b SNK  |y PREZ  |7 0  |p 17A1207559  |o snkČSC 2768/34/2015 D1  |i snk2017/13611  |8 0  |0 0  |1 0  |4 0  |d 2017-06-09  |l 0  |r 2026-02-21 22:18:02  |w 2026-02-21 
952 |t č. 1-4  |a SNK  |b SNK  |y PREZ  |7 0  |p 17A1327731  |o snkČSC 2768/35/2016 D1  |i snk2018/18283  |8 0  |0 0  |1 0  |4 0  |d 2018-09-10  |l 0  |r 2026-02-21 22:27:24  |w 2026-02-21 
952 |t č. 1-5  |a SNK  |b SNK  |y PREZ  |7 0  |p 17A1327732  |o snkČSC 2768/36/2017  |i snk2018/18284  |8 0  |f 1  |0 0  |1 0  |4 0  |d 2018-09-10  |l 0  |r 2026-02-21 22:27:24  |w 2026-02-21 
952 |t č. 4-6  |a SNK  |b SNK  |y PREZ  |7 0  |p 17A1387179  |o snkČSC 2768/38/2019/2  |i snk2020/5972  |8 0  |f 1  |0 0  |1 0  |4 0  |d 2020-03-09  |l 0  |r 2026-02-21 22:30:10  |w 2026-02-21 
952 |t č. 1-5  |a SNK  |b SNK  |y PREZ  |7 0  |p 17A1387177  |o snkČSC 2768/36/2017 D1  |i snk2020/5970  |8 0  |0 0  |1 0  |4 0  |d 2020-03-09  |l 0  |r 2026-02-21 22:30:12  |w 2026-02-21 
952 |t č. 1-3  |a SNK  |b SNK  |y PREZ  |7 0  |p 17A1387178  |o snkČSC 2768/38/2019/1  |i snk2020/5971  |8 0  |f 1  |0 0  |1 0  |4 0  |d 2020-03-09  |l 0  |r 2026-02-21 22:30:12  |w 2026-02-21